000 00435nam a22001217a 4500
082 _a220 PRO
100 _aMuhammad Hamza Asif Awan Muhammad Umer Khan Mughal Muhammad Hamza
_971095
245 _aPR-SOF-1714-Fabrication and Control of a 3-DOF Underwater Vehicle
260 _aISLAMABAD
_bNUST COLLEGE OF EME
_c2018
650 _a DE-MECH-36 DECLASS
700 _aSUPERVISOR Dr. Sajid Ullah Butt Dr. Zafar Bangash
_971096
942 _cCR
999 _c577805
_d577805